000 00539nam a2200181 a 4500
001 000043369
005 20201002040843.0
008 140311s1996 sp 000 0 spa d
020 _a8401463068
040 _aDO-SdBNP
_bspa
_cBNPHU
100 1 _aPerry, Anne
_970995
245 1 4 _aLos Cadáveres de Callander Square /
_cAnne Perry ; traducción de Rosa Sala.
260 _aBarcelona :
_bPlaza & Janés,
_c1996.
300 _a343 p. ;
_c18 cm.
490 1 _aJet
_v306
700 1 _aSala, Rosa
_d1969-
_etr.
_971030
830 0 _aJet
_v306
_911886
999 _c42858
_d42858